| 000 | 00617nam a2200229Ia 4500 | ||
|---|---|---|---|
| 003 | OSt | ||
| 005 | 20220928120610.0 | ||
| 006 | a|||||r|||| 00| 0 | ||
| 007 | ta | ||
| 008 | 220927b |||||||| |||| 00| 0 eng d | ||
| 024 | _a76956 | ||
| 037 | _cTextual | ||
| 040 |
_aSDCL _cSDCL _beng |
||
| 041 |
_2eng _aeng |
||
| 082 | _aS8:(Y:437), M2 | ||
| 100 |
_aChapman Anthony J Ed. _9450169 |
||
| 245 | 0 | _aPedestrian accidents | |
| 260 |
_aChichester _bJohn Willey and Sons _c1982 |
||
| 300 |
_axii,354p _ccm. |
||
| 942 |
_hS8:(Y:437), M2 _cTEXL _2CC |
||
| 999 |
_c764445 _d764445 |
||